Score 0/24 Timer 02:00
1 Play Today
% Correct
Kung Pao chicken
95.2%
Peking Duck
94.2%
Sushi
93.6%
Dim sum
90%
Bouillabaisse
89%
Enchiladas
87.6%
Canelloni
87.2%
Lasagna
87.2%
Tempura
85.6%
Unagi
84.1%
Gnocchi
82%
Chicken Kiev
81.2%
% Correct
Gratin dauphinois
80.3%
Salade Niçoise
79.6%
Paella
79.4%
Empanada
79%
Challah
76.5%
Beef Stroganoff
75.2%
Gazpacho
74.7%
Burritos
73.8%
Gefilte fish
68.6%
Lox
67.4%
Guacamole
63.1%
Blini
61.4%
Remove Ads.
Support Sporcle.
Get the best of Sporcle when you Go Orange. This ad-free experience offers more features, more stats, and more fun while also helping to support Sporcle. Thank you for becoming a member.

You're not logged in!

Compare scores with friends on all Sporcle quizzes.
OR
Log In

Show Comments

Extras

Top Quizzes Today


Score Distribution

Your Account Isn't Verified!

In order to create a playlist on Sporcle, you need to verify the email address you used during registration. Go to your Sporcle Settings to finish the process.

Report this User

Report this user for behavior that violates our Community Guidelines.

Details: